000
00215 a2200097 4500
001
28750
100
_a
Collison, R L
245
_a
Library assistance to readers
260
_a
_b
C Lockwood
_c
090
_c
19191
_d
19191
942
_a
NUST-CAE
_c
M
_c
10215
999
_c
263823
_d
263823